000 00302nam a22001217a 4500
008 170516b xxu||||| |||| 00| 0 eng d
041 _aeng
080 _a94
100 _a16
101 _aSHH
245 _aPROMISE DEVELOPMENT THEORIES OF CHANGE IN LATIN AMERICA
_cKLAREN.P.F
942 _2udc
_cBK
999 _c13447
_d13447